| 000 | 00492nam a22001577a 4500 | ||
|---|---|---|---|
| 005 | 20260303142007.0 | ||
| 008 | 260303b |||||||| |||| 00| 0 eng d | ||
| 020 | _a978-9914-51-155-0 | ||
| 100 | _aMAKUNGU, LILIAN | ||
| 245 | _aBOOKLYST MASTER CHEMISTRY: LEARNER'S BOOK, GRADE 10 | ||
| 260 |
_aNAIROBI _bBOOKLYST PRESS LIMITED |
||
| 300 | _aIV, 180P. | ||
| 650 | _aCHEMISTRY-TEXBOOK-STUDY AND TEACHING (SECONDARY) | ||
| 700 | _aI. ILUSA, FAVOUR. II. MAINGI, FRANCIS | ||
| 942 |
_2lcc _cBK |
||
| 999 |
_c216769 _d216769 |
||